Manual de derecho bancario

Saved in:
Bibliografiske detaljer
Hovedforfatter: Villegas, Carlos Gilberto (Author)
Format: Bog
Sprog:spansk
Udgivet: Santiago, Chile Juridica Ediar-ConoSur 1987
Fag:
Tags: Tilføj Tag
Ingen Tags, Vær først til at tagge denne postø!

MARC

LEADER 00000nam a2200000 a 4500
001 UCV0107
003 CL-VaPUC
005 20240612162204.0
008 880403e19870000CL |||||||||||||||||spa|d
999 |c 208848  |d 208846 
040 |c Pontificia Universidad Católica de Valparaíso 
082 0 4 |a 346.082 VIL 1987  |2 21 
100 |a Villegas, Carlos Gilberto  |e author  |9 569323 
245 1 0 |a Manual de derecho bancario 
260 |a Santiago, Chile   |b Juridica Ediar-ConoSur  |c 1987 
300 |a 326 páginas  
583 |a last modification  |c 19880403 00:00:00  |k Rodrigo Vera 
650 7 |a CONTRATOS Y ESPECIFICACIONES  |2 CL-VaPUC  |9 254962 
650 0 |a Bancos  |z CHILE   |9 254963 
852 |a BIBDER 
942 |c BK  |2 ddc 
945 |d 19880403 00:00:00 
952 |0 0  |1 0  |4 0  |6 346_082000000000000_VIL_1987  |7 0  |8 A  |9 183792  |a BIBDER  |b BIBDER  |d 2019-11-14  |i 2501694  |o 346.082 VIL 1987  |p 2501694  |r 2023-01-25  |w 2019-11-14  |y BK  |k DER